Судебная статистика учебно-методическое пособие
В пособии рассматриваются приёмы и методы сбора, обработки и анализа статистических данных, использующиеся в судебной статистике. Структура пособия позволяет читателю самостоятельно работать над курсом судебной статистики, поскольку помимо методических указаний в нём содержатся подробные решения тип...
Guardat en:
| Autor principal: | |
|---|---|
| Altres autors: | |
| Format: | Книга |
| Idioma: | Russian |
| Publicat: |
Тамбов
ТГУ им. Г.Р.Державина
2024
|
| Accés en línia: | https://e.lanbook.com/book/504469 https://e.lanbook.com/img/cover/book/504469.jpg |
| Etiquetes: |
Afegir etiqueta
Sense etiquetes, Sigues el primer a etiquetar aquest registre!
|
| LEADER | 02177nam0a2200289 i 4500 | ||
|---|---|---|---|
| 001 | 504469 | ||
| 003 | RuSpLAN | ||
| 005 | 20250812140528.0 | ||
| 008 | 250812s2024 ru gs 000 0 rus | ||
| 020 | |a 978-5-00078-888-2 | ||
| 040 | |a RuSpLAN | ||
| 041 | 0 | |a rus | |
| 044 | |a ru | ||
| 080 | |a 311.33 | ||
| 084 | |a 65.051 |2 rubbk | ||
| 245 | 0 | 0 | |a Судебная статистика |b учебно-методическое пособие |c Черемисина Н. В.,Черемисина Т. Н. |
| 260 | |a Тамбов |b ТГУ им. Г.Р.Державина |c 2024 | ||
| 300 | |a 186 с. | ||
| 504 | |a Библиогр.: доступна в карточке книги, на сайте ЭБС Лань | ||
| 520 | 8 | |a В пособии рассматриваются приёмы и методы сбора, обработки и анализа статистических данных, использующиеся в судебной статистике. Структура пособия позволяет читателю самостоятельно работать над курсом судебной статистики, поскольку помимо методических указаний в нём содержатся подробные решения типовых задач, тесты и тренировочные задания. Пособие предназначено для студентов Института права и национальной безопасности, обучающихся по специальности 40.05.04 «Судебная и прокурорская деятельность», и слушателей всех форм обучения, получающих юридическое образование. | |
| 521 | 8 | |a Книга из коллекции ТГУ им. Г.Р.Державина - Право. Юридические науки | |
| 521 | 8 | |a СЭБ | |
| 100 | 1 | |a Черемисина Н. В. | |
| 700 | 1 | |a Черемисина Т. Н. | |
| 856 | 4 | |u https://e.lanbook.com/book/504469 | |
| 856 | 4 | 8 | |u https://e.lanbook.com/img/cover/book/504469.jpg |
| 953 | |a https://e.lanbook.com/img/cover/book/504469.jpg | ||